000 00373nam a2200145Ia 4500
008 230711s9999||||xx |||||||||||||| ||und||
041 _aENG
082 _a621
_bAI-N
100 _aAICTE MD
245 0 _aNorms and standard for engineering colleges
250 _a1st
260 _c1991
_aNew Delhi
_bAICTE New Delhi
650 _aLibrary and Information Science
942 _cBK
999 _c1474
_d1474